000 01224nam a22002297a 4500
999 _c53713
_d53713
005 20251125233028.0
008 s2547 th tha d
040 _aNALT
041 _atha
090 _aIS 1/2547-48 60
100 0 _aนภาภรณ์ ใจสัจจะ
_948481
245 1 0 _aภาวะผู้นำกับการบริหารงานแบบมุ่งผลสัมฤทธิ์ของสำนักงานเลขาธิการวุฒิสภา /
_cนภาภรณ์ ใจสัจจะ
246 3 _aเอกสารวิชาการกรณีศึกษาส่วนบุคคล
260 _aกรุงเทพฯ :
_bสำนักงานเลขาธิการสภาผู้แทนราษฎร,
_c2547
300 _a39 หน้า
_bตาราง ;
_c30 ซม.
650 0 _aการบริหารองค์การ
_922015
650 4 _aภาวะผู้นำ
_96960
_xการศึกษาเฉพาะกรณี
850 _aNALT
856 4 0 _uhttps://hdl.handle.net/20.500.14156/18333
942 _cIS
_2local
_01
998 _j1020
_k จำเรียง ระวังสำโรง